000 00371cam a22001217a 4500
008 180718b1958 xxu||||| |||| 00| 0 eng d
082 _aB7x5401 M896
100 _aMookerji, Radha Kumud
245 _aLocal government in ancient India
_cby Radha Kumud Mookerji
260 _aDelhi
_bMoti Lal Banarsi Das
_c1958
300 _a338p.
650 _aLocal government-Ancient India.
999 _c374647
_d374647